000 01495nam a2200253 a 4500
001 BS0003176
003 BR-BrBNA
005 20230418192235.0
008 230308b |||||||| |||| 00| 0 por d
040 _aBR-BrBNA
_bpor
_cBiblioteca Nacional de Agricultura
041 _apor
072 _aB59
090 _aB59 BS0003176
100 1 _aEmmanuel (Espírito).
245 1 _aAve, Cristo! /
250 1 _as.ed.
260 3 _aRio de Janeiro, RJ:
_bFederação Espirita Brasileira,
_c2002.
300 _a384 p.
500 _aPsicografado por Francico Cândido Xavier..
520 3 _aAve Cristo! Os que vão viver para sempre te glorificam e saúdam!' Este sublime estandarte, que centenas de almas radiantes no mundo espiritual, mártires do Cristianismo encontravam após os seus sacrifícios nos circos romanos. Conduzindo o leitor ao terceiro século do Cristianismo, esta obra, ditada a Francisco Candido Xavier pelo espírito de Emmanuel, traz aos cristãos de hoje o valoroso exemplo da simplicidade, confiança e amor com que os pioneiros da Boa Nova se entregaram ao serviço do Divino Mestre. Tendo por sustentá-los os recursos de uma poderosa e inquebrantável fé. A narrada a história de duas almas, Quinto Varro e Ticiano ligados por várias reencarnações, onde podemos sentir quanto pode realizar o verdadeiro amor, em suas manifestações de solidariedade a bem das criaturas humanas.
650 _aESPIRITISMO
909 _a202304
_bSergio Santos
_c56
_dSergio Santos
942 _cBK
999 _c8238
_d8238